| 000 | 00741nam a22002172 4500 | ||
|---|---|---|---|
| 001 | 0000005292 | ||
| 005 | 20151217152000.0 | ||
| 008 | 070611s xx 000 0 eng d | ||
| 020 |
_a0631159711 : _cGBP 35.00 |
||
| 040 |
_aKABU _cKABU |
||
| 050 | 0 |
_aTS155.6 _b.E37 |
|
| 100 | 1 |
_aEdquist, Charles. _@0000156496 |
|
| 245 | 1 | 0 |
_aFlexible automation : _bthe global difussion of new technology in the engineering industry / _cCharles Edquist and Staffan Jacobsson. |
| 260 |
_aOxford : _bBasil Blackwell, _c1988. |
||
| 300 |
_a227 p. ; _c24 cm. |
||
| 650 | 0 |
_aFlexible manufacturing systems. _@0000156497 |
|
| 700 | 1 |
_aJacobsson, Staffan. _@0000156498 |
|
| 908 | _a070611 | ||
| 950 | _@1 | ||
| 999 |
_c6977 _d6977 |
||